[Event "Poznan op"]
[Site "Poznan"]
[Date "1996.??.??"]
[Round "1"]
[White "Maslanka, Andrzej"]
[Black "Dabek, Marek"]
[Result "0-1"]
[WhiteElo "1800"]
[BlackElo "2085"]
[PlyCount "40"]
[EventDate "1996.??.??"]
[EventType "swiss"]
[EventRounds "9"]
[EventCountry "POL"]
[SourceTitle "EXT 2006"]
[Source "ChessBase"]
[SourceDate "2005.11.24"]
[SourceVersion "1"]
[SourceVersionDate "2005.11.24"]
[SourceQuality "1"]

1. d4 d5 2. Nf3 Nf6 3. Bg5 Ne4 4. Bf4 e6 5. Nbd2 Be7 6. e3 0-0 7. Bd3 Nf6 8. c3 c5 9. dxc5 Bxc5 10. Qc2 Nbd7 11. 0-0-0 Re8 12. Ne5 Nf8 13. Ndf3 h6 14. g4 N6d7 15. h4 f6 16. Ng6 e5 17. Nxf8 Nxf8 18. Bb5 exf4 19. Bxe8 Bxg4 20. Rhg1 Bxf3 0-1